000 00348nam a2200169Ia 4500
100 _aSriganesh/Rima Patel
650 _aJava
942 _cBK
366 _f25
654 _ajava beans
245 _aMastering Enterprise Java Beans 3.0
260 _bWiley
_c2006
082 _a5.133
_bSRI
300 _a685
546 _aENGLISH
999 _c26412
_d26412